| 000 | 00368 a2200169 4500 | ||
|---|---|---|---|
| 001 | 187869 | ||
| 020 | _a978-85-7153-343-1 | ||
| 040 | _cMagnum | ||
| 100 | _aSorrenti, Neusa | ||
| 240 | 1 | 0 |
_aQuando a primavera... _lpor |
| 245 | 1 | 0 | _aQuando a primavera... |
| 300 | _a56 | ||
| 362 | 0 | _a2014 | |
| 440 | 1 | _aRHJ | |
| 697 | _aLITERATURA INFANTO-JUVENIL | ||
| 942 | _cBK | ||
| 999 |
_c187869 _d187869 |
||